Športy a turistika na vode /

Uložené v:
Podrobná bibliografia
Hlavný autor: Zajac, Aurel (Author)
Médium: Kniha
Jazyk:Slovak
Vydané: Bratislava : Šport, 1983.
Vydanie:1. vyd.
Edícia:Šport a zdravie
ISBN: (brož.)
Fyzický popis: 262 s. : il., fot.
Tagy: Pridať tag
Žiadne tagy, Buďte prvý kto otaguje tento záznam!

MARC

LEADER 00000cam a22000007a 4500
001 000158721
005 20091129090706.0
008 030729s1983 xo slo d
020 |a (brož.) 
040 |a SVKKK  |b slo  |c SVKKK  |e AACR2 
041 0 |a slo 
044 |a xo  |c SK 
245 1 0 |a Športy a turistika na vode /  |c Aurel Zajac ... [et al.]. 
250 |a 1. vyd. 
260 |a Bratislava :  |b Šport,  |c 1983. 
300 |a 262 s. :  |b il., fot. 
490 1 |a Šport a zdravie 
700 1 |a Zajac, Aurel  |4 aut 
910 |a svkkk 
998 |a BK 
090 |g SCKHL  |k Sklad Pribinova 2. posch.  |a II.286451  |j 684106  |i 2720140666  |s Absenčne